Alle 263 Land,- & Stadtkreise der DDR - Statistiken

Allgemein
  • Dieses Quiz wurde 34 mal gespielt
  • Das Durchschnittsergebnis liegt bei 159 aus 263
Antwortstatistiken
Hinweis LK | SK Land,- Stadtkreis % Korrekt
A.t..b..g LK | SK Altenburg
96%
Br..d..b..g (H.v.l) SK Brandenburg (Havel)
93%
Br..d - E.b..d..f LK Brand - Erbisdorf
93%
Gö.l..z LK | SK Görlitz
93%
Gö.l..z - L..d LK Görlitz - Land
93%
Ha..e (Ne.s...t) SK Halle (Neustadt)
93%
Ha..e (Sa..e) SK Halle (Saale)
93%
Le..z.g LK | SK Leipzig
93%
Le..z.g - L..d LK Leipzig - Land
93%
L.t...s...t Wi.t..b..g SK Lutherstadt Wittenberg
93%
Ma.d.b..g SK Magdeburg
93%
We.m.r LK | SK Weimar
93%
We.m.r - L..d LK Weimar-Land
93%
Wi.t..b..g LK | SK Wittenberge
93%
Br..d..b..g LK Brandenburg
89%
Br..d..b..g - L..d LK Brandenburg - Land
89%
B..g LK | SK Burg
89%
Ch..n..z LK | SK Chemnitz
89%
Ch..n..z - L..d LK Chemnitz - Land
89%
De.s.u SK Dessau
89%
De.s.u - K.t..n LK Dessau - Köthen
89%
E.f..t LK | SK Erfurt
89%
E.f..t - L..d LK Erfurt - Land
89%
Fr..b..g LK Freiberg
89%
J..a LK | SK Jena
89%
J..a - L..d LK Jena-Land
89%
Ka.l - Ma.x - St..t SK Karl-Marx-Stadt
89%
Ka.l - Ma.x - St..t - L..d LK Karl-Marx-Stadt-Land
89%
Pl...n LK | SK Plauen
89%
Pl...n - L..d LK Plauen-Land
89%
Zw..k.u LK | SK Zwickau
89%
Zw..k.u - L..d LK Zwickau-Land
89%
Be.l.n SK Berlin*
85%
Co..b.s LK | SK Cottbus
85%
Co..b.s - L..d LK Cottbus - Land
85%
Dr..d.n LK | SK Dresden
85%
Dr..d.n - L..d LK Dresden - Land
85%
G..a LK | SK Gera
85%
G..a - L..d LK Gera - Land
85%
Gr....w..d LK | SK Greifswald
85%
Gr....w..d - L..d LK Greifswald - Land
85%
Me.s.b..g LK | SK Merseburg
85%
Qu.d...b..g LK | SK Quedlinburg
85%
Ro.t..k LK | SK Rostock
85%
Ro.t..k - L..d LK Rostock-Land
85%
Wi.m.r LK | SK Wismar
85%
Wi.m.r - L..d LK Wismar-Land
85%
Zi.t.u LK Zittau
85%
Bi.t..f..d LK Bitterfeld
81%
Fr...f..t (O..r) LK | SK Frankfurt (Oder)
81%
Me.ß.n LK Meißen
81%
No..h..s.n LK | SK Nordhausen
81%
We.ß..f..s LK | SK Weißenfels
81%
Ze..z LK | SK Zeitz
81%
A.n.b..g LK Annaberg
78%
Eb...w...e LK | SK Eberswalde
78%
Gr.m.a LK Grimma
78%
Ne.b...d..b..g LK | SK Neubrandenburg
78%
Ne.b...d..b..g - L..d LK Neubrandenburg - Land
78%
Po..d.m LK | SK Potsdam
78%
Po..d.m - L..d LK Potsdam-Land
78%
Sc...r.n LK | SK Schwerin
78%
Sc...r.n - L..d LK Schwerin - Land
78%
So.n.b..g LK Sonneberg
78%
S..l LK | SK Suhl
78%
S..l - L..d LK Suhl-Land
78%
To.g.u LK Torgau
78%
Us.d.m LK Usedom
78%
We.ß..s.e LK | SK Weißensee
78%
We.n.g.r..e LK Wernigerode
78%
A.k..m LK Anklam
74%
Ap.l.a LK | SK Apolda
74%
A.e LK Aue
74%
G.t.a LK | SK Gotha
74%
Gr..z LK | SK Greiz
74%
Ho.e..w...a LK Hoyerswerda
74%
I.m...u LK Ilmenau
74%
Mü..h..s.n LK Mühlhausen
74%
Mü..h..s.n (Th.r..g.n) SK Mühlhausen (Thüringen)
74%
Sa.g..h..s.n LK Sangerhausen
74%
Sö.m...a LK Sömmerda
74%
St...s..d LK | SK Stralsund
74%
St...s..d - L..d LK Stralsund - Land
74%
Wu.z.n LK Wurzen
74%
B.d Sa.z..g.n LK Bad Salzungen
70%
Be.n.u LK Bernau
70%
Bl..k..b..g LK Blankenburg
70%
G.s...w LK | SK Güstrow
70%
Ha.b..s...t LK | SK Halberstadt
70%
Lü.b.n LK Lübben
70%
Or..i..b..g LK Oranienburg
70%
Pi..a LK Pirna
70%
Qu..f..t LK Querfurt
70%
Ri..a LK Riesa
70%
Sa..f..d LK Saalfeld
70%
Ar.s...t LK | SK Arnstadt
67%
B.d D.b.r.n LK Bad Doberan
67%
E.l..b..g LK Eilenburg
67%
E.s..h..t..s...t LK | SK Eisenhüttenstadt
67%
E.s..h..t..s...t - L..d LK Eisenhüttenstadt - Land
67%
Fü.s...b..g LK Fürstenberg
67%
Fü.s...w...e LK Fürstenwalde
67%
K.n..s Wu.t..h..s.n LK Königs Wusterhausen
67%
K.t..n LK | SK Köthen
67%
L.t...s...t Ei.l.b.n SK Lutherstadt Eisleben
67%
Na..b..g LK Naumburg
67%
Na..b .g (Sa..e) SK Naumburg (Saale)
67%
Ne.r.p..n LK Neuruppin
67%
Pa.c..m LK Parchim
67%
Sc.w..t (O..r) SK Schwedt (Oder)
67%
St..d.l LK | SK Stendal
67%
Te.t.w LK Teltow
67%
Wa..n LK Waren
67%
As..e..l.b.n LK | SK Aschersleben
63%
Be.g.n LK Bergen
63%
Bü.z.w LK Bützow
63%
E.s..a.h LK | SK Eisenach
63%
Ei.l.b.n LK Eisleben
63%
Fi.s...w...e LK Finsterwalde
63%
Fr..t.l LK Freital
63%
Gl..c..u LK Glauchau
63%
Gr.f..h..n.c..n LK Gräfenhainichen
63%
G.b.n LK | SK Guben
63%
H.g.n.w LK Hagenow
63%
Je.s.n LK Jessen
63%
J.t..b.g LK Jüterbog
63%
L.c...wa..e LK Luckenwalde
63%
Lu.w...l..t LK Ludwigslust
63%
P.s.w..k LK Pasewalk
63%
Ru.p.n LK Ruppin
63%
So.d..h..s.n LK Sondershausen
63%
We..w..s.r LK | SK Weißwasser
63%
B.d Li.b..w...a LK Bad Liebenwerda
59%
Ba.t..n LK Bautzen
59%
Bi...o..w...a LK Bischofswerda
59%
D.l..z..h LK Delitzsch
59%
De.m.n LK Demmin
59%
He.l.g..s...t LK Heiligenstadt
59%
K.m...z LK Kamenz
59%
Me.n..g.n LK Meiningen
59%
Na..n LK Nauen
59%
Os..e..l.b.n LK Oschersleben
59%
R.t..n.w LK | SK Rathenow
59%
Ro.l.u LK Roßlau
59%
R.g.n LK Rügen
59%
Sc....z..b..g LK Schwarzenberg
59%
Sp...b..g LK Spremberg
59%
Wo.g..t LK Wolgast
59%
Ze.b.t LK | SK Zerbst
59%
Zo.s.n LK Zossen
59%
A.g..m...e LK Angermünde
56%
Bo..a LK Borna
56%
E.s..b..g LK Eisenberg
56%
Gr.ß..h..n LK Großenhain
56%
H.v..b..g LK Havelberg
56%
J.r.c..w I LK Jerichow I
56%
J.r.c..w II LK Jerichow II
56%
Kl..g..t..l LK Klingenthal
56%
La.g..s...a LK Langensalza
56%
Ne.s...l..z LK Neustrelitz
56%
Pe.l.b..g LK Perleberg
56%
Pö.n..k LK Pößneck
56%
R.d..s...t LK Rudolstadt
56%
Te.p..n LK Templin
56%
Zs...p.u LK Zschopau
56%
Be..b..g LK | SK Bernburg
52%
Di.p..d..w...e LK Dippoldiswalde
52%
D.b..n LK Döbeln
52%
Fo..t LK Forst
52%
Fo..t (La.s..z) SK Forst (Lausitz)
52%
Ga.d.l.g.n LK Gardelegen
52%
Ha.d...l.b.n LK Haldensleben
52%
Hi..b...h..s.n LK Hildburghausen
52%
L.b.u LK Löbau
52%
Os....z LK Oschatz
52%
Pr...w..k LK Pritzwalk
52%
Re.c...b..h LK Reichenbach
52%
Ri.n..z - Da.g..t.n LK Ribnitz-Damgarten
52%
Sa..w.d.l LK | SK Salzwedel
52%
Sc..n.b..k LK | SK Schönebeck
52%
Se..t..b..g LK Senftenberg
52%
Ze.l..r..a LK Zeulenroda
52%
A.e.b..h LK Auerbach
48%
B.d Fr..e.w...e LK Bad Freienwalde
48%
C.l.u LK Calau
48%
Fl..a LK Flöha
48%
J.h...g.o.g..s...t SK Johanngeorgenstadt
48%
N.b.a LK Nebra
48%
Ne.h..s am Re..w.g LK Neuhaus am Rennweg
48%
Ni.s.y LK Niesky
48%
Os.h.v..l..d LK Osthavelland
48%
Pr...l.u LK Prenzlau
48%
Sc....z LK Schleiz
48%
Sc....k..d.n LK Schmalkalden
48%
Sc...l.n LK Schmölln
48%
Wo.b.s LK Worbis
48%
Be..k.w LK Beeskow
44%
Be..k.w - St..k.w LK Beeskow - Storkow
44%
Be.z.g LK Belzig
44%
Ge.t..n LK Genthin
44%
H.h..s...n - E....t..l LK Hohenstein-Ernstthal
44%
Kl.t.e LK Klötze
44%
Li.b..w...a LK Liebenwerda
44%
Lu.k.u LK Luckau
44%
Ma..f..d.r G.b....k...s LK Mansfelder Gebirgskreis
44%
Ma..f..d.r Se.k...s LK Mansfelder Seekreis
44%
M.r...b..g LK Marienberg
44%
Ni.d..b..n.m LK Niederbarnim
44%
Oe.s...z LK Oelsnitz
44%
Os...b..g LK Osterburg
44%
Se.n..z LK Sebnitz
44%
St..f..t LK Staßfurt
44%
T.t.r.w LK Teterow
44%
We.d.u LK Werdau
44%
Wo.m..s...t LK Wolmirstedt
44%
Za..h - Be.z.g LK Zauch-Belzig
44%
Ge..h..n LK Geithain
41%
Gr.v..m..l.n LK Grevesmühlen
41%
He..st..t LK Hettstedt
41%
Ob..b..n.m LK Oberbarnim
41%
Os.p...n..z LK Ostprignitz
41%
Pu.b.s LK Putbus
41%
St...s.e.g LK Strausberg
41%
U.c...m...e LK Ueckermünde
41%
We..h.v..l..d LK Westhavelland
41%
A.t..n LK Artern
37%
Gr.m..n LK Grimmen
37%
Ha.n.c..n LK Hainichen
37%
Ka..e (Mi..e) LK Kalbe (Milde)
37%
L..z LK Lübz
37%
Ma.c..n LK Malchin
37%
R.b.l / M.r..z LK Röbel/Müritz
37%
Ro..l..z LK Rochlitz
37%
Sc...b..g LK Schönberg
37%
Se.l.w LK Seelow
37%
Ta.g..h.t.e LK Tangerhütte
37%
Wi..s...k LK Wittstock
37%
A.t..t...t.w LK Altentreptow
33%
Ca..e a./S. LK Calbe a.d. Saale
33%
G.d.b...h LK Gadebusch
33%
H.h..m..s.n LK Hohenmölsen
33%
Se.h..s.n LK Seehausen
33%
St...b..g LK Stollberg
33%
We..p..g...z LK Westprignitz
33%
Gr..s.e LK Gransee
30%
He..b..g LK Herzberg
26%
L.b.s LK Lebus
26%
Sc....b..g SK Schneeberg
26%
St...b..g LK Sternberg
26%
Ba.l..s...t LK Ballenstedt
22%
L.b..s...n LK Lobenstein
22%
Kö.l..a LK Kölleda
19%
K.r..z LK Kyritz
19%
L.b..g LK Loburg
19%
Ra.d.w LK Randow
19%
Sa..k...s LK Saalkreis
19%
St...b..g LK Strasburg
19%
Wa..l.b.n LK Wanzleben
19%
Sc....n..z LK Schweinitz
15%
St...r..a LK Stadtroda
15%
Ec.a...b...a LK Eckartsberga
7%
St.l..s...t SK Stalinstadt
7%
E.O - Wo..s...t SK EKO-Wohnstadt
4%
Keine übereinstimmenden Quizze gefunden
Verteilung der Resultate
Anzahl Personen mit jedem Resultat
Perzentil nach korrekt beantworteten Fragen
Ihre Resultats-Entwicklung
Sie haben dieses Quiz noch nicht gespielt